| 000 | 00965nam a2200241 a 4500 | ||
|---|---|---|---|
| 001 | BRCA_7884 | ||
| 005 | 20190320210035.0 | ||
| 008 | 170608s2012----mx-a######---#000-0#spa-# | ||
| 041 | _aspa | ||
| 044 | _amx | ||
| 050 | 4 |
_aND1432 _b.P56 2012 |
|
| 245 | 1 | 0 |
_aPintura de los reinos _bidentidades compartidas en el mundo hispánico. Miradas varias, siglos XVI-XIX _cRafael Dobado González, Andrés Calderón Fernández, coordinadores. |
| 260 |
_aMéxico _bFomento Cultural Banamex _c2012 |
||
| 300 |
_a341 p. _bil. a color _c27 cm. |
||
| 500 | _aIncluye piezas de la colección Franz Mayer: p. 313, 316, 318 y 323 | ||
| 650 | 1 | 4 |
_aArte y simbolismo cristiano _ySiglo XVI-XIX _zLatinoamérica _919501 |
| 650 | 1 | 4 |
_aPintura colonial _zLatinoamérica _96177 |
| 651 | 4 |
_aLatinoamérica _xPintura _96178 |
|
| 651 | 4 |
_aEspaña _xPintura _96179 |
|
| 700 | 1 |
_aDobado González, Rafael _ecoord. _919502 |
|
| 700 | 1 |
_aCalderón Fernández, Andrés _ecoord. _919503 |
|
| 942 |
_2lcc _cB |
||
| 999 |
_c7558 _d7558 |
||